Κατάλογος Βιβλιοθηκών Mediterranean College

Εξελικτική και Διδακτική Προσέγγιση της Φυσικής Αγωγής στο Σχολείο (Record no. 8296)

MARC details
000 -LEADER
fixed length control field 02247cam a22002054a 4500
005 - ΗΜΕΡΟΜΗΝΙΑ ΚΑΙ ΩΡΑ ΤΕΛΕΥΤΑΙΑΣ ΕΝΗΜΕΡΩΣΗΣ
Πεδίο ελέγχου 20250605164332.0
008 - FIXED-LENGTH DATA ELEMENTS--GENERAL INFORMATION
Πεδίο ελέγχου σταθερού μήκους 250528s ||||||||||||||||||||||||d
035 ## - SYSTEM CONTROL NUMBER
System control number 23267
020 ## - ISBN
ISBN 9608183278
040 ## - ΠΗΓΗ ΚΑΤΑΛΟΓΟΓΡΑΦΗΣΗΣ
Φορέας πρωτότυπης καταλογογράφησης MC Athens Campus Library
Γλώσσα καταλογογράφησης Ελληνικά, Μοντέρνα (1453-)
Modifying agency MC Athens Campus Library
Κανόνες περιγραφικής καταλογογράφησης AACR2
245 1# - ΤΙΤΛΟΣ ΚΑΙ ΔΗΛΩΣΗ ΥΠΕΥΘΥΝΟΤΗΤΑΣ
Τίτλος Εξελικτική και Διδακτική Προσέγγιση της Φυσικής Αγωγής στο Σχολείο
250 ## - EDITION STATEMENT
Edition statement
260 ## - PUBLICATION, DISTRIBUTION, ETC.
Name of publisher, distributor, etc. Χριστοδουλίδη,
Date of publication, distribution, etc. 2004
300 ## - PHYSICAL DESCRIPTION
Extent 191
520 ## - SUMMARY, ETC.
Summary, etc. Πρόλογος, Ο Μαθητής, Γενικά - Ορισμοί, Προσεγγίσεις και Μοντέλα Προσωπικότητας, Η Εξέλιξη της Προσωπικότητας στην Εφηβική Ηλικία, Ο Εκπαιδευτικός - Ειδικά Θέματα, Η Παιδαγωγική Προσωπικότητα του Εκπαιδευτικού, Η Σημασία της Γλώσσας του Σώματος του Εκπαιδευτικού στην Τάξη, Το Διδακτικό Εργο Μέσα στην Τάξη, Σύγκρουση Ρόλων Καθηγητή Φυσικής Αγωγής και Προπονητή, Η Διδασκαλία, Έννοια και Σκοποί της Διδασκαλίας, Ψυχολογική Θεμελίωση της Διδασκαλίας, Μαθητής - Διδάσκων - Ύλη Διδασκαλίας, Μορφές και Στυλ Διδασκαλίας, Μετωπική Διδασκαλία, Ομαδική Διδασκαλία, Μονολογική - Ακροαματική Μοεφή Διδασκαλίας, Διδασκαλία Μέσω Υποδειγμαστικής Εκτέλεσης, Διδασκαλία με Μορφή Ερωτημάτων, Διδασκαλία με Παρότρυνση, Μέθοδος Διδασκαλίας, Διάγνωση και Αξιολόγησ και Μέτρηση της Επίδοσης και Προόδου των Μαθητών, Προγραμματισμός και Οργάνωση της Διδασκαλίας και της Μάθησης, Ευρετήριο Ονομάτων και Όρων.
700 1# - ΠΡΟΣΘΕΤΗ ΑΝΑΓΡΑΦΗ--ΦΥΣΙΚΟ ΠΡΟΣΩΠΟ
Personal name Τσορμπατζούδης Χαράλαμπος
9 (RLIN) 6660
942 ## - ADDED ENTRY ELEMENTS (KOHA)
Koha item type Books
Holdings
Τύπος τεκμηρίου Βιβλιοθήκη Τρέχουσα τοποθεσία Barcode Αριθμός εισαγωγής Ημερομηνία απόκτησης Ταξιθετικό σύμβολο Αριθμός αντιτύπου Κατάσταση απόσυρσης Κατάσταση χαμένου Κατάσταση κατεστραμμένου Μη δανεισμός Σύνολο δανεισμών Ημερομηνία τελευταίας εμφάνισης Η τιμή ισχύει από
Books MC Thessaloniki Campus Library MC Thessaloniki Campus Library 9780000082954 2521 05/06/2025 796.07 ΤΣΟ 2           05/06/2025 05/06/2025

MC Athens Campus Library
Πατησίων 94 & Κοδριγκτώνος 13, 104 34
Πελλήνης 8 & Πατησίων 107, 112 51
Τ: +30 210 8899600

MC Thessaloniki Campus Library
Ίωνος Δραγούμη 21, 54625 | Ίωνος Δραγούμη 15, 54625
Τ: +30 2310 287779 – Τ: +30 2314 440300